| 000 | 01051cab a22002655a 4500 | ||
|---|---|---|---|
| 001 | L154724 | ||
| 008 | 120116e20120114xxk 000 0 eng d | ||
| 035 | _a(Sirsi) u154724 | ||
| 041 | 0 | _aeng | |
| 100 | 1 | _aRoberts, Einar | |
| 245 | 0 | 0 |
_aDeferment _bthe next chapter |
| 260 | _c2012 | ||
| 490 |
_aEstates Gazette _v(1202) 14 January 2012, 64-65(2) |
||
| 520 | _aDiscusses deferment rates in the light of "Trustees of the Sloane Stanley Estate v Charles Carey-Morgan" (Vale Court) [2011] UKUT 415 (LC) concerning enfranchisement of leases with reversions of less than five years. | ||
| 590 | _aKA | ||
| 650 | 2 | 4 | _aCadogan Square Properties Ltd v Earl Cadogan |
| 650 | 2 | 4 | _aZUCKERMAN V TRUSTEES OF CALTHORPE ESTATE |
| 650 | 2 | 4 | _aTRUSTEES OF THE SLOANE STANLEY ESTATE V CHARLES CAREY-MORGAN |
| 650 | 2 | 4 | _aHILDRON FINANCE LTD V GREENHILL HAMPSTEAD LTD |
| 650 | 2 | 4 | _aEARL CADOGAN AND ANOTHER V SPORTELLI AND ANOTHER |
| 651 | 4 |
_aEngland and Wales _y1543- |
|
| 690 |
_aResidential property _96266 |
||
| 700 | 1 | _aGlanville, Kerry | |
| 942 | _n0 | ||
| 999 |
_c83716 _d83716 |
||